| 000 | 00777nac a22002411i 4500 | ||
|---|---|---|---|
| 003 | EG-ScBUE | ||
| 005 | 20250731103207.0 | ||
| 008 | 250731s1959 nyu f 000 0 eng d | ||
| 040 |
_aEG-ScBUE _beng _erda _cEG-ScBUE _dEG-ScBUE |
||
| 082 | 0 | 4 |
_a539.7213 _bHUG _222 |
| 100 | 1 |
_aHughes, Donald James, _eauthor. |
|
| 245 | 1 | 4 |
_aThe neutron story / _cby Donald J. Hughes |
| 264 | 1 |
_aGarden City, N.Y. : _bDoubleday Anchor Books, _c1959. |
|
| 300 |
_a158 pages : _billustrations ; _c18 cm. |
||
| 336 |
_2rdacontent _atext _btxt |
||
| 337 |
_aunmediated _2rdamedia _bn |
||
| 338 |
_avolume _bnc _2rdacarrier |
||
| 490 | 0 | _aExploring the nature of matter | |
| 650 | 7 |
_aNeutrons. _2BUEsh |
|
| 655 | _vReading book | ||
| 942 |
_cBB _2ddc |
||
| 999 |
_c1790 _d1790 |
||